000 00951nam a2200265 a 4500
001 59620
003 BD-RjUL
005 20211209080742.0
008 161226s1983 bg ||||| |||| 00| 0 ben d
020 _c: Tk.45.00 (V-1)
020 _c: Tk.40.00 (V-2)
035 _a(BD-RjUL)59744
040 _aBD-RjUL
_bben
_cBD-RjUL
_dBD-RjUL
041 _aben
082 _a370.9
_223
_bKHT 1983
100 _aখাতুন, শরিফা
_9119329
245 1 0 _aতুলনামুলক শিক্ষাতত্ত্ব /
_cশরিফা খাতুন,
260 _aঢাকা :
_bবাংলা একাডেমী,
_c১৯৮৩
300 _aখন্ড. ;
_c২২ সেমি.
500 _aনির্ঘন্ট সংযুক্ত
505 0 _aখন্ড ১ -- খন্ড ২ --
650 _aতুলনামূলক শিক্ষা
_9142923
650 _aComparative Education
_9142924
942 _2ddc
_cBK
999 _c59620
_d59620